|
|
|
|
| LEADER |
01000nam a2200289 a 4500 |
| 001 |
1393 |
| 003 |
BD-DhAAL |
| 005 |
20150315112548.0 |
| 008 |
150315s1993 ilua b 001 0 eng |
| 010 |
|
|
|a 92026342
|
| 020 |
|
|
|a 0256128022
|
| 040 |
|
|
|a DLC
|c DLC
|d DLC
|d BD-DhAAL
|
| 050 |
0 |
0 |
|a HF5667
|b .H399 1993
|
| 082 |
0 |
0 |
|a 657/.45
|2 20
|
| 100 |
1 |
|
|a Hermanson, Roger H.
|9 9651
|
| 245 |
1 |
0 |
|a Auditing theory and practice /
|c Roger H. Hermanson, Jerry R. Strawser, Robert H. Strawser.
|
| 250 |
|
|
|a 6th ed.
|
| 260 |
|
|
|a Homewood, IL :
|b Irwin,
|c c1993.
|
| 300 |
|
|
|a xvii, 907 p. :
|b ill. ;
|c 25 cm.
|
| 504 |
|
|
|a Includes bibliographical references and index.
|
| 541 |
|
|
|e 1393
|
| 650 |
|
0 |
|a Auditing.
|9 9652
|
| 700 |
1 |
|
|a Strawser, Jerry R.
|9 9653
|
| 700 |
1 |
|
|a Strawser, Robert H.
|9 9654
|
| 942 |
|
|
|2 ddc
|c BK
|
| 999 |
|
|
|c 34042
|d 34042
|
| 952 |
|
|
|0 0
|1 0
|2 ddc
|4 0
|6 657_450000000000000_HER
|7 0
|9 53132
|a SCL
|b SCL
|c GEN
|d 2015-03-15
|e Gift: The Asia Foundation
|l 0
|o 657.45 HER
|p 3020001393
|r 2015-03-15
|t 1
|w 2015-03-15
|y BK
|